000 00592nam a22001817a 4500
005 20251108172859.0
008 250721s2004 xx 000 0 ara d
082 1 4 _a813.009/ قيس
100 1 _aالقيسي، عودة الله منيع
245 1 0 _aنجيب محفوظ :نماذج الشخصيات المكررة و دلالتها في رواياته /
264 1 _aعمان :
_bدار اليازوري،
_c2004.
300 _a176ص.
650 1 7 _aالنقد الأدبي
650 1 7 _aالروايات
650 1 7 _aالأدب العربي
942 _2ddc
_cBK
999 _c90798
_d90798